Impact of the Financial Crisis on the Loan - Financing of SMEs in Slovakia

2007-2013: analýza vývoja možností obdržania úveru alebo pôžicky pre malé a stredné podniky na Slovensku. Vývoj úverového financovania po kríze.

Salvato in:
Dettagli Bibliografici
Autore principale: Belanová, Katarína, 1978-
Natura: Capitolo di libro
Lingua:inglese
Soggetti:
Tags: Aggiungi Tag
Nessun Tag, puoi essere il primo ad aggiungerne!!

MARC

LEADER 00000naa$a2200000$$$4500
001 0198426
005 20240502083504.4
041 0 |a eng 
044 |a CZ 
245 1 0 |a Impact of the Financial Crisis on the Loan - Financing of SMEs in Slovakia  |c Katarína Belanová 
520 |a 2007-2013: analýza vývoja možností obdržania úveru alebo pôžicky pre malé a stredné podniky na Slovensku. Vývoj úverového financovania po kríze. 
610 2 0 |a podnik malý 
610 2 0 |a podnik stredný 
610 2 0 |a organizácie neziskové 
610 2 0 |a riziko úverové 
610 2 0 |a trh úverový 
610 2 0 |a úver bankový 
610 2 0 |a úver investičný 
610 2 0 |a úverovanie 
610 2 0 |a financovanie cudzie 
610 2 0 |a financovanie podnikov 
100 1 |a Belanová, Katarína, 1978-